| 000 | 00766cam a22002295a 4500 | ||
|---|---|---|---|
| 999 |
_c16186 _d16186 |
||
| 005 | 20190424150012.0 | ||
| 008 | 081022t2012 mau frb 001 0 eng d | ||
| 020 | _a9780123814791 | ||
| 040 |
_aEG-ScBUE _beng _cEG-ScBUE _dEG-ScBUE |
||
| 082 | 0 | 4 |
_a006.312 _bHAN _222 |
| 100 | 1 |
_aHan, Jiawei. _927693 |
|
| 245 | 1 | 0 |
_aData Mining : _bConcepts and Techniques / _cJiawei Han, Micheline Kamber and Jian Pei. |
| 250 | _a3th ed. | ||
| 260 |
_aWaltham, MA. : _bElsevier, _cc.2012. |
||
| 300 |
_axxxv, 703 p. : _bill. ; _c24 cm. |
||
| 504 | _aIncludes bibliographical references and index. | ||
| 650 | 7 |
_aData mining. _2BUEsh _927695 |
|
| 651 | _2BUEsh | ||
| 653 |
_bCOMSCI _cOctober2011 |
||
| 700 | 1 |
_aKamber, Micheline. _927696 |
|
| 700 | 1 |
_aPei, Jian. _927400 |
|